[Event "Chigorin Memorial 2018"]
[Site "St. Petersburg"]
[Date "2018.10.29"]
[Round "3.29"]
[White "Gareyev, Timur"]
[Black "Semenova, Elena"]
[Result "1-0"]
[WhiteElo "2584"]
[BlackElo "2263"]
[Annotator "TA"]
[PlyCount "65"]
[EventDate "2018.10.27"]
[EventType "swiss"]
[EventCountry "RUS"]
[WhiteTeam "Vereinigte Staaten"]
[BlackTeam "Russland"]
[WhiteTeamCountry "USA"]
[BlackTeamCountry "RUS"]

1. g3 e5 2. Nf3 e4 3. Nh4 d5 4. d3 Nf6 5. Nc3 Bb4 6. Bg2 O-O 7. O-O h6 8. Nb5 g5 9. dxe4 a6 10. Nd4 gxh4 11. Bxh6 h3 12. Bh1 dxe4 13. c3 Bd6 14. Qc1 Kh7 15. Bg5 Qe7 16. f3 Nc6 17. fxe4 Be5 18. Nf3 Qc5+ 19. Be3 Qd6 20. Rd1 Qe7 21. Bg5 Qc5+ 22. Be3 Qe7 23. Rd5 Nxd5 24. exd5 Nd8 25. Nxe5 Qxe5 26. Bd4 Qd6 27. Qg5 Rg8 28. Qh4+ Qh6 29. Qe7 Bf5 30. Rf1 Bg6 31. Rf4 Qxf4 32. gxf4 Be4+ 33. Kf2 1-0

[Event "Chigorin Memorial 2018"]
[Site "St. Petersburg"]
[Date "2018.10.29"]
[Round "3.30"]
[White "Borisovsky, Dmitry"]
[Black "Stupak, Kirill"]
[Result "1-0"]
[WhiteElo "2304"]
[BlackElo "2583"]
[Annotator "TA"]
[PlyCount "49"]
[EventDate "2018.10.27"]
[EventType "swiss"]
[EventCountry "RUS"]
[WhiteTeam "Russland"]
[BlackTeam "Weißrussland"]
[WhiteTeamCountry "RUS"]
[BlackTeamCountry "BLR"]

1. e4 e6 2. d4 d5 3. Nc3 Bb4 4. e5 Qd7 5. a3 Bxc3+ 6. bxc3 b6 7. Qg4 f5 8. Qg3 Ba6 9. Bxa6 Nxa6 10. Ne2 O-O-O 11. a4 Nb8 12. a5 Nc6 13. axb6 cxb6 14. O-O Kb8 15. Nf4 Ka8 16. Ba3 g6 17. Rfb1 Na5 18. Qh4 g5 19. Qxg5 Rc8 20. Bc5 Rb8 21. Bd6 Re8 22. Rxa5 bxa5 23. Nd3 h6 24. Qg3 f4 25. Qxf4 1-0

[Event "Chigorin Memorial 2018"]
[Site "St. Petersburg"]
[Date "2018.10.29"]
[Round "3.31"]
[White "Vorobiov, Evgeny E."]
[Black "Postnikov, Artem"]
[Result "1-0"]
[WhiteElo "2557"]
[BlackElo "2270"]
[Annotator "TA"]
[PlyCount "85"]
[EventDate "2018.10.27"]
[EventType "swiss"]
[EventCountry "RUS"]
[WhiteTeam "Russland"]
[BlackTeam "Russland"]
[WhiteTeamCountry "RUS"]
[BlackTeamCountry "RUS"]

1. Nf3 Nf6 2. g3 d5 3. Bg2 c6 4. O-O Bg4 5. c4 e6 6. d3 Nbd7 7. cxd5 exd5 8. Nc3 Be7 9. h3 Bxf3 10. Bxf3 d4 11. Ne4 Nd5 12. Qa4 Ne5 13. Bg2 Nb6 14. Qc2 O-O 15. Nc5 Bxc5 16. Qxc5 Re8 17. b3 Ng6 18. Re1 Re5 19. Qc2 Nf8 20. Bb2 Ne6 21. e4 Nc7 22. f4 Re7 23. Rac1 Qd7 24. Kh2 Rd8 25. h4 Nb5 26. Red1 Qe8 27. a4 Nc7 28. Qf2 Red7 29. Bh3 Rd6 30. Ba3 Rh6 31. g4 f6 32. g5 fxg5 33. fxg5 Re6 34. Bxe6+ Nxe6 35. Rf1 Nd7 36. Bd6 c5 37. Qf5 g6 38. Qd5 Nb6 39. Rf8+ Qxf8 40. Qxe6+ Qf7 41. Qxf7+ Kxf7 42. Bxc5 Nd7 43. Bxd4 1-0

[Event "Chigorin Memorial 2018"]
[Site "St. Petersburg"]
[Date "2018.10.29"]
[Round "3.32"]
[White "Tsydypov, Zhamsaran"]
[Black "Erdenieva, Oyuna"]
[Result "1-0"]
[WhiteElo "2530"]
[BlackElo "2251"]
[Annotator "TA"]
[PlyCount "71"]
[EventDate "2018.10.27"]
[EventType "swiss"]
[EventCountry "RUS"]
[WhiteTeam "Russland"]
[BlackTeam "Russland"]
[WhiteTeamCountry "RUS"]
[BlackTeamCountry "RUS"]

1. e4 c6 2. d4 d5 3. e5 Bf5 4. Nf3 e6 5. Be2 c5 6. O-O Nc6 7. c3 Qb6 8. Nbd2 cxd4 9. Nxd4 Nxd4 10. cxd4 Ne7 11. Nb3 Rc8 12. Bd3 Bxd3 13. Qxd3 Nc6 14. Rd1 a5 15. Be3 a4 16. Nd2 Be7 17. Qc2 Qa5 18. Rdc1 O-O 19. Qd1 f6 20. exf6 Bxf6 21. Nf3 a3 22. bxa3 Qxa3 23. Rab1 Na5 24. Qe2 Rxc1+ 25. Bxc1 Qd6 26. Bg5 b6 27. Bxf6 Rxf6 28. Ne5 Rf4 29. Qa6 Rxd4 30. Qc8+ Qf8 31. Qxe6+ Kh8 32. Nf7+ Kg8 33. Qxb6 Ra4 34. Qe6 Rxa2 35. Ng5+ Kh8 36. Qf5 1-0

[Event "Chigorin Memorial 2018"]
[Site "St. Petersburg"]
[Date "2018.10.29"]
[Round "3.33"]
[White "Andreev, Konstantin"]
[Black "Burmakin, Vladimir"]
[Result "0-1"]
[WhiteElo "2265"]
[BlackElo "2523"]
[Annotator "TA"]
[PlyCount "68"]
[EventDate "2018.10.27"]
[EventType "swiss"]
[EventCountry "RUS"]
[WhiteTeam "Russland"]
[BlackTeam "Russland"]
[WhiteTeamCountry "RUS"]
[BlackTeamCountry "RUS"]

1. d4 d5 2. c4 e6 3. Nc3 Be7 4. Nf3 Nf6 5. Bg5 h6 6. Bh4 O-O 7. Qc2 Ne4 8. Bxe7 Qxe7 9. Nxe4 dxe4 10. Nd2 f5 11. e3 c5 12. Nb3 b6 13. f4 exf3 14. gxf3 Bb7 15. dxc5 Na6 16. Bg2 Qh4+ 17. Ke2 Rac8 18. Rad1 Nxc5 19. Nxc5 Rxc5 20. Rd4 Qh5 21. h4 e5 22. Rd7 Bc6 23. Rxa7 e4 24. Qc3 Rf6 25. Kf2 f4 26. exf4 Rcf5 27. Rh3 Rxf4 28. Rg3 g6 29. Qd2 exf3 30. Bf1 Qc5+ 31. Qe3 Rd4 32. Kg1 f2+ 33. Kh2 Rxh4+ 34. Bh3 f1=N+ 0-1

[Event "Chigorin Memorial 2018"]
[Site "St. Petersburg"]
[Date "2018.10.29"]
[Round "3.34"]
[White "Emeljanov, Alexander"]
[Black "Gagare, Shardul"]
[Result "1/2-1/2"]
[WhiteElo "2244"]
[BlackElo "2501"]
[Annotator "TA"]
[PlyCount "114"]
[EventDate "2018.10.27"]
[EventType "swiss"]
[EventCountry "RUS"]
[WhiteTeam "Russland"]
[BlackTeam "Indien"]
[WhiteTeamCountry "RUS"]
[BlackTeamCountry "IND"]

1. d4 d5 2. Nf3 Nf6 3. c4 c6 4. cxd5 cxd5 5. Nc3 Nc6 6. Bf4 Ne4 7. e3 Nxc3 8. bxc3 e6 9. Bd3 Bd6 10. Bxd6 Qxd6 11. O-O O-O 12. c4 dxc4 13. Bxc4 b6 14. Qe2 Bb7 15. Rfd1 Rac8 16. d5 exd5 17. Bxd5 Qe7 18. Qb2 Na5 19. e4 Rfd8 20. Rac1 Bxd5 21. Rxc8 Rxc8 22. exd5 Nc4 23. Qd4 Qc5 24. g3 Qxd4 25. Nxd4 Na5 26. Nc6 Nxc6 27. dxc6 g6 28. Rd7 a5 29. c7 Kg7 30. a4 h5 31. h4 Kf6 32. Rd6+ Ke7 33. Rxb6 Rxc7 34. Rb5 Ra7 35. Kg2 Ra6 36. f3 Kf6 37. g4 hxg4 38. fxg4 Rc6 39. h5 gxh5 40. gxh5 Rc3 41. Rxa5 Ra3 42. Kf2 Kg7 43. Ke2 f5 44. Ra6 Kh7 45. a5 Rh3 46. h6 Ra3 47. Kd2 f4 48. Ke2 Re3+ 49. Kf2 Ra3 50. Kg2 Rg3+ 51. Kf1 Rf3+ 52. Ke2 Re3+ 53. Kf1 Rf3+ 54. Kg1 Rg3+ 55. Kf2 Ra3 56. Rf6 Rxa5 57. Rxf4 Kxh6 1/2-1/2

[Event "Chigorin Memorial 2018"]
[Site "St. Petersburg"]
[Date "2018.10.29"]
[Round "3.35"]
[White "Kabanov, Nikolai"]
[Black "Bhambure, Shantanu"]
[Result "1/2-1/2"]
[WhiteElo "2481"]
[BlackElo "2243"]
[Annotator "TA"]
[PlyCount "128"]
[EventDate "2018.10.27"]
[EventType "swiss"]
[EventCountry "RUS"]
[WhiteTeam "Russland"]
[BlackTeam "Indien"]
[WhiteTeamCountry "RUS"]
[BlackTeamCountry "IND"]

1. e4 c6 2. d4 d5 3. Nd2 dxe4 4. Nxe4 Bf5 5. Ng3 Bg6 6. Bc4 e6 7. N1e2 Nf6 8. c3 Bd6 9. Nf4 Bxf4 10. Bxf4 Nbd7 11. O-O O-O 12. Re1 Re8 13. a4 a5 14. Qb3 Nb6 15. Bf1 Nbd5 16. Bd2 Qc7 17. f3 c5 18. dxc5 Qxc5+ 19. Kh1 Red8 20. Qb5 Qc7 21. c4 Nf4 22. Bc3 Nd3 23. Bxd3 Bxd3 24. b3 Rd5 25. Be5 Rxb5 26. Bxc7 Rxb3 27. Rec1 Rc8 28. Bxa5 Rxc4 29. Rxc4 Bxc4 30. Kg1 h6 31. Nf1 Bxf1 32. Kxf1 Nd5 33. Bd2 g5 34. a5 Rb2 35. Ke1 Kg7 36. Ra4 Kg6 37. h4 Ne7 38. hxg5 hxg5 39. Rc4 Nd5 40. Rc8 f6 41. Rb8 b5 42. axb6 Rxb6 43. Rxb6 Nxb6 44. g4 e5 45. Ke2 Kf7 46. Kd3 Ke6 47. Ba5 Nd7 48. Bd8 Nc5+ 49. Ke3 Nb7 50. Bb6 Kd5 51. Kd3 Nd6 52. Bd8 Ke6 53. Ba5 f5 54. gxf5+ Kxf5 55. Bd2 Ne8 56. Bc1 Nf6 57. Bd2 Nd5 58. Ke2 Nf4+ 59. Ke3 Ne6 60. Bc1 Nf4 61. Bd2 Ng2+ 62. Kf2 Nf4 63. Ke3 Ng6 64. Kd3 g4 1/2-1/2

[Event "Chigorin Memorial 2018"]
[Site "St. Petersburg"]
[Date "2018.10.29"]
[Round "3.36"]
[White "Klepikov, Nikita"]
[Black "Drygalov, Andrey"]
[Result "0-1"]
[WhiteElo "2228"]
[BlackElo "2477"]
[Annotator "TA"]
[PlyCount "86"]
[EventDate "2018.10.27"]
[EventType "swiss"]
[EventCountry "RUS"]
[WhiteTeam "Russland"]
[BlackTeam "Russland"]
[WhiteTeamCountry "RUS"]
[BlackTeamCountry "RUS"]

1. e4 c5 2. Nf3 d6 3. d4 cxd4 4. Nxd4 Nf6 5. Nc3 a6 6. Bc4 e6 7. Bb3 Nbd7 8. f4 Nc5 9. Qf3 b5 10. f5 Bd7 11. fxe6 fxe6 12. Bg5 Be7 13. e5 dxe5 14. Nc6 Bxc6 15. Qxc6+ Kf7 16. O-O b4 17. Na4 Nxb3 18. axb3 Qd5 19. Qxd5 exd5 20. Rae1 Ke6 21. c4 bxc3 22. bxc3 Rab8 23. b4 Rhc8 24. Rf3 h6 25. Be3 Ne4 26. Bc5 Nxc5 27. Nxc5+ Bxc5+ 28. bxc5 Rxc5 29. Rg3 g5 30. Rh3 Rh8 31. Rb1 Rc6 32. Kf2 e4 33. Rb7 Ke5 34. Ke2 Re8 35. Kd2 Ree6 36. Rh5 Kf5 37. Rh3 Rb6 38. Rf7+ Ke5 39. Kc2 Rf6 40. Re7+ Rbe6 41. Rd7 Rf2+ 42. Kb3 Rxg2 43. Kb4 Rb2+ 0-1

[Event "Chigorin Memorial 2018"]
[Site "St. Petersburg"]
[Date "2018.10.29"]
[Round "3.37"]
[White "Tarasov, Ilya"]
[Black "Ofitserian, Boris"]
[Result "1-0"]
[WhiteElo "2211"]
[BlackElo "2411"]
[Annotator "TA"]
[PlyCount "55"]
[EventDate "2018.10.27"]
[EventType "swiss"]
[EventCountry "RUS"]
[WhiteTeam "Russland"]
[BlackTeam "Russland"]
[WhiteTeamCountry "RUS"]
[BlackTeamCountry "RUS"]

1. d4 Nf6 2. Nc3 d5 3. Bf4 e6 4. Nb5 Na6 5. e3 c6 6. Nc3 b6 7. Nf3 Bb7 8. Ne5 Nb8 9. Bd3 Nbd7 10. O-O Nxe5 11. Bxe5 Nd7 12. Bg3 h5 13. h3 Qf6 14. Qe2 a6 15. f4 h4 16. Bh2 g6 17. Nd1 c5 18. c3 Qg7 19. e4 cxd4 20. f5 Nc5 21. fxe6 dxe4 22. Bb5+ Kd8 23. Rxf7 Qh6 24. Bc7+ Kc8 25. Qg4 Be7 26. Rxe7 axb5 27. Bxb6 Nb3 28. Rh7 1-0

[Event "Chigorin Memorial 2018"]
[Site "St. Petersburg"]
[Date "2018.10.29"]
[Round "3.38"]
[White "Perov, German"]
[Black "Yeletsky, Ivan"]
[Result "0-1"]
[WhiteElo "2196"]
[BlackElo "2401"]
[PlyCount "70"]
[EventDate "2018.10.27"]
[EventType "swiss"]
[EventCountry "RUS"]
[WhiteTeam "Russland"]
[BlackTeam "Russland"]
[WhiteTeamCountry "RUS"]
[BlackTeamCountry "RUS"]

1. e4 c5 2. d4 cxd4 3. c3 dxc3 4. Nxc3 Nc6 5. Nf3 d6 6. Bc4 a6 7. O-O Nf6 8. Bf4 e5 9. Ng5 exf4 10. Nxf7 Qe7 11. Nxh8 Ne5 12. Bb3 g6 13. Ne2 f3 14. Nd4 Bg7 15. Nxf3 Bxh8 16. Nd4 Nxe4 17. Re1 Ng4 18. Qc2 Bxd4 19. Rxe4 Be5 20. Qc4 Nf6 21. Re3 Bxh2+ 22. Kf1 Be5 23. f4 Bd7 24. a4 Rc8 25. Qb4 Ng4 26. Rh3 Qf6 27. Re1 a5 28. Qd2 Kf8 29. Rxe5 Nxe5 30. Rxh7 Nc4 31. Qd3 Qxf4+ 32. Kg1 Bf5 33. Rh8+ Ke7 34. Rh7+ Kf6 35. Qe2 Ne5 0-1

[Event "Chigorin Memorial 2018"]
[Site "St. Petersburg"]
[Date "2018.10.29"]
[Round "3.39"]
[White "Yashmetov, Mikhail"]
[Black "Melnikov, Dmitry"]
[Result "0-1"]
[WhiteElo "2394"]
[BlackElo "2207"]
[PlyCount "100"]
[EventDate "2018.10.27"]
[EventType "swiss"]
[EventCountry "RUS"]
[WhiteTeam "Russland"]
[BlackTeam "Russland"]
[WhiteTeamCountry "RUS"]
[BlackTeamCountry "RUS"]

1. Nf3 f5 2. d3 d6 3. e4 Nc6 4. Nc3 Nf6 5. exf5 Bxf5 6. d4 Qd7 7. d5 Nb4 8. Nd4 Nbxd5 9. Nxd5 Nxd5 10. Qf3 Be6 11. c4 Nb6 12. Bd3 O-O-O 13. Qe2 Bf7 14. Bf5 e6 15. Nxe6 Re8 16. Nd4 Rxe2+ 17. Kxe2 Bxc4+ 18. Kf3 Be7 19. Bxd7+ Kxd7 20. Kg3 Rf8 21. Nf3 Bd5 22. Re1 Bxf3 23. gxf3 Bf6 24. Rb1 Nd5 25. f4 Ne7 26. Be3 c5 27. b3 b6 28. Rbd1 d5 29. Bc1 d4 30. Kf3 Nd5 31. Bd2 b5 32. Rc1 Rc8 33. Ke4 Kd6 34. Red1 c4 35. bxc4 bxc4 36. Be1 d3 37. a3 Re8+ 38. Kf3 Rxe1 39. Rxe1 d2 40. Ke2 dxe1=Q+ 41. Kxe1 c3 42. Kd1 Nxf4 43. Kc2 Kd5 44. Rd1+ Bd4 45. f3 Kc4 46. Rb1 Nd3 47. Rd1 Nf4 48. Rb1 Nd5 49. Rb7 Ne3+ 50. Kc1 Kd3 0-1

[Event "Chigorin Memorial 2018"]
[Site "St. Petersburg"]
[Date "2018.10.29"]
[Round "3.40"]
[White "Palchun, Grigory"]
[Black "Galchenko, Vadim"]
[Result "1-0"]
[WhiteElo "2394"]
[BlackElo "2135"]
[PlyCount "89"]
[EventDate "2018.10.27"]
[EventType "swiss"]
[EventCountry "RUS"]
[WhiteTeam "Russland"]
[BlackTeam "Russland"]
[WhiteTeamCountry "RUS"]
[BlackTeamCountry "RUS"]

1. d4 f5 2. Bf4 Nf6 3. e3 g6 4. c4 Bg7 5. Nc3 d6 6. h3 O-O 7. Nf3 Nc6 8. Bh2 Ne4 9. Nxe4 fxe4 10. Nd2 e5 11. d5 Nb4 12. Nxe4 Bf5 13. a3 Na6 14. Nc3 Nc5 15. b4 e4 16. Rc1 Nd3+ 17. Bxd3 exd3 18. O-O Qg5 19. Bf4 Qh4 20. c5 Be5 21. Nb5 Bxf4 22. exf4 dxc5 23. Nxc7 Rac8 24. d6 cxb4 25. Qb3+ Rf7 26. Qxb4 Rd8 27. Nd5 a5 28. Qb6 Rdd7 29. Rc8+ Kg7 30. Qd4+ Kh6 31. Ne7 Rfxe7 32. dxe7 Qxe7 33. Qe3 Qxe3 34. fxe3 b5 35. g4 Be6 36. Rd1 Bc4 37. Rd2 Rb7 38. Kf2 Be6 39. Rc3 Bc4 40. e4 Kg7 41. Ke3 Kf6 42. a4 Rd7 43. axb5 Bxb5 44. Rc5 Ba4 45. Rxd3 1-0

[Event "Chigorin Memorial 2018"]
[Site "St. Petersburg"]
[Date "2018.10.29"]
[Round "3.41"]
[White "Badelka, Olga"]
[Black "Kochukova, Anna"]
[Result "1-0"]
[WhiteElo "2394"]
[BlackElo "2121"]
[PlyCount "105"]
[EventDate "2018.10.27"]
[EventType "swiss"]
[EventCountry "RUS"]
[WhiteTeam "Weißrussland"]
[BlackTeam "Russland"]
[WhiteTeamCountry "BLR"]
[BlackTeamCountry "RUS"]

1. c4 e5 2. Nc3 Nf6 3. Nf3 Nc6 4. e3 Bb4 5. Qc2 Bxc3 6. Qxc3 Qe7 7. a3 d5 8. d4 exd4 9. Nxd4 Nxd4 10. Qxd4 c5 11. Qh4 dxc4 12. Bxc4 Be6 13. Bb5+ Nd7 14. Qxe7+ Kxe7 15. Bd2 Rhd8 16. Bc3 f6 17. f3 Bb3 18. Bd3 Kf7 19. Be4 Rab8 20. h4 h6 21. g4 b6 22. Rg1 Nf8 23. g5 hxg5 24. hxg5 Bd5 25. gxf6 gxf6 26. Bc2 Nd7 27. O-O-O Be6 28. f4 Nf8 29. e4 Rxd1+ 30. Rxd1 b5 31. f5 Bc8 32. Rg1 Nd7 33. Bb3+ c4 34. Bd1 Ne5 35. Bh5+ Ke7 36. Bxe5 fxe5 37. Rg7+ Kd6 38. Rg8 Ke7 39. f6+ Kxf6 40. Bg4 Bxg4 41. Rxb8 a6 42. Kd2 Bd7 43. Ra8 Ke7 44. Rxa6 Kd8 45. Rh6 Kc7 46. Kc3 Bc6 47. Re6 Bxe4 48. Rxe5 Bc6 49. Kb4 Kb6 50. Re6 Kb7 51. Ka5 Bd7 52. Rb6+ Kc7 53. Rxb5 1-0

[Event "Chigorin Memorial 2018"]
[Site "St. Petersburg"]
[Date "2018.10.29"]
[Round "3.42"]
[White "Eynullayev, Atilla"]
[Black "Kotlyar, Kirill"]
[Result "0-1"]
[WhiteElo "2164"]
[BlackElo "2390"]
[PlyCount "138"]
[EventDate "2018.10.27"]
[EventType "swiss"]
[EventCountry "RUS"]
[WhiteTeam "Aserbeidschan"]
[BlackTeam "Russland"]
[WhiteTeamCountry "AZE"]
[BlackTeamCountry "RUS"]

1. d4 Nf6 2. c4 e6 3. g3 c5 4. d5 exd5 5. cxd5 d6 6. Nc3 g6 7. Bg2 Bg7 8. Nf3 O-O 9. O-O Re8 10. Bf4 Bf5 11. Nh4 Bg4 12. Qd2 Nh5 13. Bg5 Qd7 14. e4 Bh3 15. a4 Na6 16. Rfe1 Bxg2 17. Nxg2 Nb4 18. Be3 f5 19. Bg5 a6 20. Re2 fxe4 21. Nxe4 Bd4 22. Rae1 Nxd5 23. Qd3 Qxa4 24. Nxd6 Rxe2 25. Rxe2 Qd7 26. Ne4 Qb5 27. Qf3 Rf8 28. Qg4 Qc6 29. Qh3 Re8 30. g4 Nhf6 31. Bxf6 Bxf6 32. Nxf6+ Nxf6 33. Qb3+ c4 34. Rxe8+ Nxe8 35. Qe3 Nf6 36. g5 Ne4 37. Qd4 Nd6 38. Ne3 Nf5 39. Qxc4+ Qxc4 40. Nxc4 Kf7 41. f4 Ke6 42. Kf2 Kd5 43. Nd2 Kd4 44. Nb3+ Kd5 45. Nd2 b6 46. Ke2 Kd4 47. h3 a5 48. Nf3+ Ke4 49. Ne5 Kxf4 50. Nc4 Kxg5 51. Nxb6 Kh4 52. Nc4 Nd4+ 53. Kf2 Kxh3 54. Nxa5 g5 55. Nc4 h5 56. Ne3 Nb3 57. Nf5 h4 58. Ne3 g4 59. Kg1 Nd4 60. b4 Kg3 61. Nf1+ Kf4 62. Kf2 g3+ 63. Kg2 Nc2 64. b5 Ne1+ 65. Kg1 h3 66. Nd2 Nf3+ 67. Nxf3 Kxf3 68. b6 h2+ 69. Kh1 Kf2 0-1

[Event "Chigorin Memorial 2018"]
[Site "St. Petersburg"]
[Date "2018.10.29"]
[Round "3.43"]
[White "Saydaliev, Saidakbar"]
[Black "Shmoilov, Dmitry"]
[Result "1-0"]
[WhiteElo "2385"]
[BlackElo "1887"]
[PlyCount "59"]
[EventDate "2018.10.27"]
[EventType "swiss"]
[EventCountry "RUS"]
[WhiteTeam "Usbekistan"]
[BlackTeam "Russland"]
[WhiteTeamCountry "UZB"]
[BlackTeamCountry "RUS"]

1. d4 d5 2. c4 c5 3. Nf3 Nf6 4. cxd5 e6 5. dxe6 Bxe6 6. Nc3 Nc6 7. e3 a6 8. Be2 Be7 9. O-O O-O 10. dxc5 Bxc5 11. a3 Qe7 12. b4 Rfd8 13. Qc2 Bd6 14. Bb2 h6 15. Ne4 Nxe4 16. Qxe4 f5 17. Qb1 Qf7 18. Bc3 Ne7 19. Qb2 Nd5 20. Be5 Be7 21. Rfd1 Qg6 22. Nd4 Bc8 23. Bf3 Nf6 24. Qb3+ Kh7 25. Ne6 Rxd1+ 26. Rxd1 Ng4 27. Nf4 Qe8 28. Bb2 Bf6 29. Bxg4 Bxb2 30. Bh5 1-0

[Event "Chigorin Memorial 2018"]
[Site "St. Petersburg"]
[Date "2018.10.29"]
[Round "3.44"]
[White "Salemgareev, Tagir"]
[Black "Mustafayev, Farid"]
[Result "1-0"]
[WhiteElo "2381"]
[BlackElo "2109"]
[PlyCount "115"]
[EventDate "2018.10.27"]
[EventType "swiss"]
[EventCountry "RUS"]
[WhiteTeam "Russland"]
[BlackTeam "Aserbeidschan"]
[WhiteTeamCountry "RUS"]
[BlackTeamCountry "AZE"]

1. d4 d5 2. c4 dxc4 3. Nf3 Nf6 4. e3 e6 5. Bxc4 a6 6. O-O c5 7. b3 Nbd7 8. Bb2 Be7 9. Nbd2 O-O 10. Be2 b6 11. Qc2 Bb7 12. Rac1 Nd5 13. Qb1 cxd4 14. Nxd4 Bb4 15. N2f3 Qe7 16. Nc6 Bxc6 17. Rxc6 Bc5 18. Qa1 g6 19. Bg7 Rfe8 20. Bh6 Qf6 21. Qxf6 N7xf6 22. Bc4 Nb4 23. Rc7 Nxa2 24. Bg5 Ne4 25. Rd1 Nxg5 26. Nxg5 Re7 27. Rdd7 Rxd7 28. Rxd7 b5 29. Be2 Ra7 30. Rd8+ Kg7 31. Ne4 Be7 32. Rc8 Rd7 33. g4 f5 34. Ng3 Nb4 35. Bf3 Rd3 36. Ne2 Rxb3 37. gxf5 exf5 38. Rc7 Kf6 39. Rb7 Ra3 40. h4 Bd6 41. Rb6 Ke7 42. Rb7+ Ke6 43. h5 Nc2 44. Bc6 gxh5 45. Rxh7 b4 46. Rh6+ Ke7 47. Rh7+ Kf8 48. Rxh5 Ra5 49. Bd7 b3 50. Bxf5 b2 51. Rh8+ Kg7 52. Rh7+ Kg8 53. Bxc2 Rg5+ 54. Kf1 Rc5 55. Bg6 Rg5 56. Bb1 Rc5 57. Kg2 Be5 58. Rb7 1-0

[Event "Chigorin Memorial 2018"]
[Site "St. Petersburg"]
[Date "2018.10.29"]
[Round "3.45"]
[White "Kavyev, Ruslan"]
[Black "Makarian, Rudik"]
[Result "1/2-1/2"]
[WhiteElo "2145"]
[BlackElo "2366"]
[PlyCount "60"]
[EventDate "2018.10.27"]
[EventType "swiss"]
[EventCountry "RUS"]
[WhiteTeam "Russland"]
[BlackTeam "Russland"]
[WhiteTeamCountry "RUS"]
[BlackTeamCountry "RUS"]

1. e4 c5 2. Nf3 d6 3. d4 cxd4 4. Nxd4 Nf6 5. Nc3 a6 6. Be3 e5 7. Nb3 Be6 8. h3 Be7 9. Qf3 Nbd7 10. O-O-O Rc8 11. g4 h6 12. Kb1 b5 13. Nd5 Bxd5 14. exd5 Nb6 15. Bxb6 Qxb6 16. h4 a5 17. g5 hxg5 18. hxg5 Rxh1 19. gxf6 Rxf1 20. fxg7 Rxd1+ 21. Qxd1 Kd7 22. Qg4+ Kc7 23. Qxc8+ Kxc8 24. g8=Q+ Bd8 25. Qxf7 a4 26. Nc1 Qd4 27. Qe6+ Kc7 28. Qf7+ Kc8 29. Qe6+ Kc7 30. Qf7+ Kc8 1/2-1/2

[Event "Chigorin Memorial 2018"]
[Site "St. Petersburg"]
[Date "2018.10.29"]
[Round "3.46"]
[White "Gorovenko, Darya"]
[Black "Demianjuk, Alexander"]
[Result "0-1"]
[WhiteElo "2109"]
[BlackElo "2332"]
[PlyCount "72"]
[EventDate "2018.10.27"]
[EventType "swiss"]
[EventCountry "RUS"]
[WhiteTeam "Russland"]
[BlackTeam "Russland"]
[WhiteTeamCountry "RUS"]
[BlackTeamCountry "RUS"]

1. e4 c5 2. Nf3 d6 3. d4 cxd4 4. Nxd4 Nf6 5. Nc3 Nc6 6. Bg5 e6 7. Qd2 a6 8. O-O-O Bd7 9. f4 b5 10. Bxf6 gxf6 11. Kb1 Qb6 12. Nxc6 Bxc6 13. Ne2 Bxe4 14. Ng3 Bc6 15. Nh5 Be7 16. Ng7+ Kd7 17. f5 e5 18. Be2 Kc7 19. Nh5 Qf2 20. Nxf6 Bxf6 21. Qxd6+ Kb7 22. Qxf6 Qxe2 23. Rhe1 Rad8 24. Rc1 Qxg2 25. Rxe5 Rhe8 26. Qxf7+ Kb6 27. Rxe8 Rxe8 28. a4 Qxh2 29. c4 b4 30. f6 Re2 31. c5+ Ka5 32. Qb3 Bxa4 33. Qd5 Rxb2+ 34. Ka1 Rd2 35. Qe6 Bc6 36. f7 Qf2 0-1

[Event "Chigorin Memorial 2018"]
[Site "St. Petersburg"]
[Date "2018.10.29"]
[Round "3.47"]
[White "Gogin, Maksim"]
[Black "Vorobyova, Ekaterina"]
[Result "1-0"]
[WhiteElo "2310"]
[BlackElo "1874"]
[PlyCount "103"]
[EventDate "2018.10.27"]
[EventType "swiss"]
[EventCountry "RUS"]
[WhiteTeam "Russland"]
[BlackTeam "Russland"]
[WhiteTeamCountry "RUS"]
[BlackTeamCountry "RUS"]

1. d4 d5 2. Nf3 Nf6 3. c4 e6 4. Nc3 Be7 5. Bf4 c6 6. e3 O-O 7. h3 Re8 8. a3 Nbd7 9. Rc1 Nf8 10. Bd3 Ng6 11. Bg3 Bd6 12. Bxd6 Qxd6 13. O-O b6 14. cxd5 exd5 15. Qc2 Bb7 16. b4 Rac8 17. Bf5 Rcd8 18. Rfd1 Qe7 19. Qa4 a6 20. Qb3 Ne4 21. Bxg6 hxg6 22. Nxe4 Qxe4 23. a4 Rd6 24. Ne5 f6 25. Nd3 Bc8 26. Qa3 b5 27. axb5 axb5 28. Qa7 g5 29. Qc7 Qe6 30. Nc5 Qe7 31. Qxe7 Rxe7 32. Ra1 Kf7 33. Ra8 Be6 34. Rda1 Kg6 35. R1a7 Rxa7 36. Rxa7 f5 37. f4 gxf4 38. exf4 Kf6 39. Kf2 Kg6 40. Kf3 Kh6 41. Re7 Bg8 42. g4 fxg4+ 43. hxg4 Bh7 44. f5 Rf6 45. Kf4 g5+ 46. Ke5 Rf8 47. Re6+ Kg7 48. Rxc6 Bg8 49. Rc7+ Rf7 50. Ne6+ Kh6 51. Rxf7 Bxf7 52. Kf6 1-0

[Event "Chigorin Memorial 2018"]
[Site "St. Petersburg"]
[Date "2018.10.29"]
[Round "3.48"]
[White "Shkuratov, Vladimir"]
[Black "Oglaza, Oskar"]
[Result "0-1"]
[WhiteElo "1833"]
[BlackElo "2310"]
[PlyCount "72"]
[EventDate "2018.10.27"]
[EventType "swiss"]
[EventCountry "RUS"]
[WhiteTeam "Russland"]
[BlackTeam "Polen"]
[WhiteTeamCountry "RUS"]
[BlackTeamCountry "POL"]

1. e4 e6 2. d4 d5 3. Nc3 Bb4 4. e5 b6 5. a3 Bf8 6. f4 Ne7 7. Nf3 g6 8. Bd3 Ba6 9. O-O c5 10. Bxa6 Nxa6 11. Ne2 Qd7 12. c3 Rc8 13. Kh1 h5 14. Be3 Nf5 15. Bf2 Be7 16. Qe1 Qb5 17. Rb1 Nb8 18. Ng3 Nxg3+ 19. Bxg3 Nc6 20. Bh4 Kd7 21. Bxe7 Nxe7 22. Qd2 Nf5 23. b3 cxd4 24. c4 Qc5 25. Rfc1 dxc4 26. Rxc4 Qd5 27. Ra4 Rhd8 28. Rxa7+ Ke8 29. Ng5 d3 30. Nh7 Qd4 31. Rc1 Qe3 32. Rxc8 Rxc8 33. Nf6+ Kf8 34. Qb4+ Kg7 35. Rxf7+ Kxf7 36. Qf8+ Rxf8 0-1

[Event "Chigorin Memorial 2018"]
[Site "St. Petersburg"]
[Date "2018.10.29"]
[Round "3.49"]
[White "Zontakh, Andrey"]
[Black "Zolotyh, Lev"]
[Result "1-0"]
[WhiteElo "2507"]
[BlackElo "1849"]
[Annotator "RC"]
[PlyCount "45"]
[EventDate "2018.10.27"]
[EventType "swiss"]
[EventCountry "RUS"]
[WhiteTeam "Ukraine"]
[BlackTeam "Russland"]
[WhiteTeamCountry "UKR"]
[BlackTeamCountry "RUS"]

1. e4 e5 2. Nf3 Nc6 3. Bb5 a6 4. Ba4 Nge7 5. O-O g6 6. c3 Bg7 7. d4 exd4 8. cxd4 d5 9. Bxc6+ bxc6 10. e5 O-O 11. Re1 Nf5 12. Qc2 Bd7 13. Nbd2 Nh4 14. Nxh4 Qxh4 15. Nf3 Qg4 16. Bd2 Rab8 17. b4 Rfe8 18. Qd3 Rb6 19. h3 Qf5 20. Qc3 Rbb8 21. Re2 Re7 22. g4 Qe6 23. Ng5 1-0

[Event "Chigorin Memorial 2018"]
[Site "St. Petersburg"]
[Date "2018.10.29"]
[Round "3.50"]
[White "Khlopushin, Dmitriy"]
[Black "Aleksandrov, Aleksej"]
[Result "0-1"]
[WhiteElo "2072"]
[BlackElo "2602"]
[Annotator "TA"]
[PlyCount "40"]
[EventDate "2018.10.27"]
[EventType "swiss"]
[EventCountry "RUS"]
[WhiteTeam "Russland"]
[BlackTeam "Weißrussland"]
[WhiteTeamCountry "RUS"]
[BlackTeamCountry "BLR"]

1. e4 e5 2. Nf3 Nc6 3. Bc4 Nf6 4. d3 h6 5. c3 d6 6. O-O g5 7. d4 g4 8. Ne1 Bg7 9. Be3 exd4 10. cxd4 Nxe4 11. f3 d5 12. Bxd5 Qxd5 13. fxe4 Qxe4 14. Nc2 O-O 15. Nc3 Qh7 16. Nd5 Bf5 17. Rc1 Rad8 18. Ncb4 Rfe8 19. Qd2 Nxb4 20. Nxb4 Rxe3 0-1